|
|
|
|
| LEADER |
00000nam a22000007i 4500 |
| 001 |
IT\ICCU\UBO\4304076 |
| 003 |
ItRI |
| 005 |
20260115232014.0 |
| 008 |
180317s2017 xxk|||||| ||||| |||||c |
| 020 |
|
|
|a 9781785032929
|
| 040 |
|
|
|b ita
|c importazione bologna sebina
|
| 041 |
|
7 |
|a eng
|2 ISO-639-2
|
| 100 |
1 |
|
|a Flynn, Paul
|0 IT\ICCU\UBOV\453880
|
| 245 |
1 |
0 |
|a Good as you /
|c Paul Flynn.
|
| 260 |
|
|
|a London :
|b Ebury,
|c 2017
|
| 300 |
|
|
|a xiii, 349 p. ;
|c 24 cm
|
| 942 |
|
|
|2 ddc
|c BK
|n 0
|
| 952 |
|
|
|0 0
|1 0
|4 0
|6 DOC_306_766000000000000_FLY
|7 0
|9 18793
|a BO
|b BO
|d 2026-01-15
|i 18780
|l 0
|o DOC 306.766 FLY
|p BO18780
|r 2026-01-15 23:20:14
|w 2026-01-15
|x [Sebina 5] [1 v.]
|y BK
|z 1 v.
|
| 999 |
|
|
|c 15955
|d 15955
|